| 000 | 00549nam a22001577a 4500 | ||
|---|---|---|---|
| 999 |
_c11658 _d11658 |
||
| 008 | 181217b ||||| |||| 00| 0 eng d | ||
| 020 | _a9715422888 | ||
| 082 |
_22001 _aDfil 899.211 _bP53 |
||
| 245 |
_aThe marriage of the Heron and the Maya Bird (Samal Sulu)/ _cDamiana Eugenio [Compiler and editor] |
||
| 260 |
_aQuezon City _bUP Press _cc2001. |
||
| 300 |
_apages 57-58; _c23 cm |
||
| 500 | _aPhilippine folk literature:the folk tales | ||
| 650 |
_aFolklore _933358 |
||
| 650 |
_aPhilippine folk literature--Collections _933382 |
||
| 942 |
_cDFIL _2ddc |
||